Statistiken für Fußball: Trainer von Werder Bremen

Klicken Sie hier um das Quiz zu spielen!

Allgemein

  • Dieses Quiz wurde 487 mal gespielt
    (422 seit der letzten Aktualisierung)
  • Das Durchschnittsergebnis liegt bei 8 aus 13

Antwortstatistiken

AmtszeitErfolge / AnmerkungenTrainer% Korrekt
2021Abstieg in die 2. BundesligaThomas Schaaf
96%
1999 – 20131x Deutscher Meister, 3x DFB-PokalsiegerThomas Schaaf
96%
2021 –WiederaufstiegOle Werner
92%
2017 – 20212020 Klassenerhalt in der RelegationFlorian Kohfeldt
88%
2021Neuanfang in der 2. LigaMarkus Anfang
82%
1981 – 19952x Deutscher Meister, 2x DFB-Pokal, 1x Europapokal der PokalsiegerOtto Rehhagel
75%
2014 – 2016ukrainischer Ex-Werder-SpielerViktor Skripnik
72%
2013 – 2014trainierte zuvor Freiburg und LeverkusenRobin Dutt
67%
2016 – 2017Platz 8 in 2016/17Alexander Nouri
64%
1998 – 1999ging noch vor dem Pokalfinale 1999Felix Magath
38%
1995 – 1996Niederländer, der auf Platz 15 stehend entlassen wurdeAad de Mos
23%
1996 – 1997war zuvor Jugendtrainer beim DFBDixie Dörner
21%
1997 – 1998entdeckte AiltonWolfgang Sidka
17%

Verteilung der Resultate

Perzentil nach korrekt beantworteten Fragen

Anzahl Personen mit jedem Resultat

Ihre Resultats-Entwicklung

Sie haben dieses Quiz seit der letzten Aktualisierung nicht gespielt